000
00213 a2200097 4500
001
45568
100
_a
Allende, I
245
_a
The house of the spirits
260
_a
London
_b
Black swan
_c
090
_c
28730
_d
28730
942
_a
NUST-CAE
_c
M
_c
20814
999
_c
280641
_d
280641